|
|
|
|
| LEADER |
00000nam0a2200000 4500 |
| 001 |
206453 |
| 005 |
20231031190720.0 |
| 010 |
|
|
|a 575450134X
|
| 020 |
|
|
|a RU
|b 89-22184
|
| 035 |
|
|
|a (RuTPU)RU\TPU\book\225057
|
| 090 |
|
|
|a 206453
|
| 100 |
|
|
|a 20120111d1989 m y0rusy5003 ca
|
| 101 |
0 |
|
|a rus
|
| 102 |
|
|
|a RU
|
| 105 |
|
|
|a y z 000ay
|
| 200 |
1 |
|
|a Младший сын
|e роман
|f Д. М. Балашов
|g худож. Н. А. Груздев
|
| 210 |
|
|
|a Петрозаводск
|c Карелия
|d 1989
|
| 215 |
|
|
|a 604 с.
|c ил.
|
| 225 |
1 |
|
|a Государи московские
|v Кн. 1
|
| 333 |
|
|
|a Исключено из фонда НТБ ТПУ
|
| 700 |
|
1 |
|a Балашов
|b Д. М.
|g Дмитрий Михайлович
|
| 702 |
|
1 |
|a Груздев
|b Н. А.
|4 440
|
| 801 |
|
0 |
|a RU
|b RuMRKP
|c 19950417
|g psbo
|
| 801 |
|
1 |
|a RU
|b 63413507
|c 20120111
|
| 801 |
|
2 |
|a RU
|b 63413507
|c 20220622
|g RCR
|
| 942 |
|
|
|c BK
|